Statistics for Ultimate "Mountain" Geography Quiz

Click here to take the quiz!

General Stats

  • This quiz has been taken 13,202 times
    (13,179 since last reset)
  • The average score is 23 of 50

Answer Stats

ClueAnswer% Correct
World's highest mountainMount Everest
99%
Japan's highest mountainMount Fuji
95%
Highest mountain in AfricaMount Kilimanjaro
94%
Home of the Greek godsMount Olympus
93%
Has four Presidents on its faceMount Rushmore
92%
Destroyer of PompeiiMount Vesuvius
89%
Capital of UruguayMontevideo
80%
Highest peak in the AlpsMont Blanc
78%
Balkan countryMontenegro
78%
Quebec's biggest cityMontreal
76%
Very active volcano in SicilyMount Etna
70%
Monaco casinoMonte Carlo
63%
Mountain the ark is said to
have landed on
Mount Ararat
63%
Former name of DenaliMount McKinley
62%
Helena is its capitalMontana
61%
Cascade volcano which
erupted in 1980
Mount St. Helens
60%
Where Moses received the
Ten Commandments
Mount Sinai
58%
Capital of Vermont, named for
a city in southern France
Montpelier
56%
Alabama's state capitalMontgomery
55%
Highest mountains in HawaiiMauna Kea
49%
Mexico's third-largest urban areaMonterrey
49%
Europe's highest mountainMount Elbrus
46%
Africa's second highestMount Kenya
45%
Baffin Island mountain named
for a Norse god
Mount Thor /
Mount Odin /
Mount Baldr
44%
Highest mountains in HawaiiMauna Loa
43%
Italian island home to a famous
fictional Count
Montecristo
43%
New Zealand peak known
"Aoraki" in Maori
Mount Cook
43%
Overlooks SeattleMount Rainier
42%
British island in the CaribbeanMontserrat
38%
"Mountain" synonymous with
a Jewish homeland
Mount Zion
36%
George Washington's homeMount Vernon
35%
Tidal island in Normandy known
for its iconic castle
Mont Saint-Michel
31%
Thomas Jefferson's homeMonticello
28%
New Hampshire mountain with the
world's highest wind speeds
Mount Washington
28%
Popular Jamaican destination
featured in the song "Kokomo"
Montego Bay
26%
Philippines volcano which
erupted in 1991
Mount Pinatubo
25%
California's highest mountainMount Whitney
25%
Paris hill known for its Basilica
of the Sacré-Cœur
Montmartre
23%
Canada's highest peakMount Logan
19%
Highest mountain in AustraliaMount Kosciuszko
18%
Cameroon's highest mountainMount Cameroon
15%
Most active volcano in AntarcticaMount Erebus
14%
Indonesian volcano which cooled
the climate in 1815
Mount Tambora
14%
Second highest in the AlpsMonte Rosa
11%
Rocky Mountains' highest peakMount Elbert
11%
Highest peak in the AppalachiansMount Mitchell
10%
Africa's third highestMount Stanley
10%
San Marino's highest peakMonte Titano
8%
Highest mountain in the AzoresMount Pico
8%
Located above Delphi, it is
home to the nine muses
Mount Parnassus
7%

Score Distribution

Percentile by Number Answered

Percent of People with Each Score

Your Score History

You have not taken this quiz since the last reset